03350nam a22003137a 4500001000700000003000900007005001700016008004100033020001800074040004400092041000800136082001500144245009200159260006400251300001900315490002500334505060600359520168900965650002202654650002102676650004002697650002602737653003502763700003602798700004702834942001202881999001902893952012402912113637DR-UNIBE20250515151453.0250515b2024 sp ||||| |||| 00| 0 spa d a9788427731424 aBIBLIOTECA UNIBEcBIBLIOTECA UNIBEerda aspa a370.7 P96400aQué sabemos sobre el profesorado : bpolíticas, evidencias y perspectivas de futuro aMadrid : bNarcea :bUniversidad Camilo José Cela,c2024 a289 páginas aPolítica educativa a1. La importancia del profesorado. Visión desde la literatura de investigación | 2. ¿Quién quiere ser profesor? | 3. El acceso a la formación docente. Atraer y seleccionar a candidatos adecuados | 4. Claves diferenciales de la formación inicial del profesorado de educación básica | 5. Sobre inducción, y más allá de la inducción: modelos de ingreso a la profesión | 6. La labor docente vista por el profesorado | 7. La labor docente vista por la investigación | 8. De la investigación a las políticas: 12 recomendaciones para fortalecer la profesión docente | 3 aEl profesorado está en el centro del debate público sobre educación. Se le considera, con razón, un factor clave en el desarrollo de los sistemas educativos de calidad. A él se atribuye casi siempre los buenos resultados escolares y siempre los resultados más pobres, débiles o mejorables. Más allá del debate social, hay en la literatura evidencias que claramente están relacionadas con el buen ejercicio de la función docente y con la contribución del profesorado al desarrollo de sistemas educativos de calidad. Esta obra ofrece una panorámica global sobre los modelos, factores y características del docente que impactan positivamente en la calidad de la educación. Es un trabajo que sistematiza los resultados de investigación y los modelos y prácticas acreditadas en la literatura académica y de organizaciones internacionales, poniendo negro sobre blanco lo que sabemos sobre el profesorado más allá del del ruidoso debate en torno a la formación y a la labor de los docentes. Y esta es sin duda la novedad de este volumen. La obra proporciona una perspectiva amplia para pensar en el fortalecimiento de la profesión docente desde la evidencia que proporciona la investigación educativa y desde la experiencia contrastada en diversos sistemas educativos, y avanza un conjunto de recomendaciones. Las temáticas abordadas en el libro aportan al lector una visión amplia y fundamentada de la investigación y de la experiencia internacional sobre profesorado. Pretende iluminar el debate sobre políticas educativas con el conocimiento actual, esencial para el presente y el futuro de los sistemas educativos de calidad.  72lembaEnseñanza 72lembaProfesores 72lembaEducación comparada9108864 72lembaDocencia997841 aDesarrollo profesional docente1 aCastro, Maríaeeditor91954901 aEgido Gálvez, Inmaculadaeeditor9195491 2ddccBK c113637d113637 00102ddc708GENaPrincipald2025-05-15l1o370.7 P964p250597r2025-05-21 09:12:51s2025-05-21tEj. 1w2025-05-15yBK